书目信息 |
| 题名: |
舞蹈与幼儿舞蹈创编
|
|
| 作者: | 牛敏 , 张翔 , 罗宇婷 主编 | |
| 分册: | ||
| 出版信息: | 长沙 湖南师范大学出版社 2016.08 |
|
| 页数: | 213页 | |
| 开本: | 26cm | |
| 丛书名: | ||
| 单 册: | ||
| 中图分类: | J722.3 | |
| 科图分类: | ||
| 主题词: | 舞蹈训练--学前教育--师范大学--教材 , 儿童舞蹈--舞蹈创作--师范大学--教材 | |
| 电子资源: | ||
| ISBN: | 978-7-5648-2559-1 | |
| 000 | 01066nam0 2200277 450 | |
| 001 | 0103152641 | |
| 005 | 20201103152729.0 | |
| 010 | @a978-7-5648-2559-1@dCNY35.80 | |
| 100 | @a20181129e20202016em y0chiy50 ea | |
| 101 | 0 | @achi |
| 102 | @aCN@b430000 | |
| 105 | @aa z 000yy | |
| 106 | @ar | |
| 200 | 1 | @a舞蹈与幼儿舞蹈创编@Awu dao yu you er wu dao chuang bian@f牛敏, 张翔, 罗宇婷主编 |
| 210 | @a长沙@c湖南师范大学出版社@d2016.08@h2020.04 | |
| 215 | @a213页@c图@d26cm | |
| 300 | @a师范院校“十三五”规划教材 | |
| 330 | @a本书分九章对舞蹈和幼儿舞蹈的创编进行论述,内容包括舞蹈的基本知识、幼儿舞蹈的基本理论、中国民族民间舞、舞蹈基本训练、儿童舞训练、幼儿舞蹈创编基本知识、幼儿舞蹈创编技术过程、幼儿舞蹈创编技法和舞蹈欣赏常识等方面。 | |
| 606 | 0 | @a舞蹈训练@x学前教育@x师范大学@j教材 |
| 606 | 0 | @a儿童舞蹈@x舞蹈创作@x师范大学@j教材 |
| 690 | @aJ722.3@v5 | |
| 701 | 0 | @a牛敏@Aniu min@4主编 |
| 701 | 0 | @a张翔@Azhang xiang@c(女,@f1987~)@4主编 |
| 701 | 0 | @a罗宇婷@Aluo yu ting@4主编 |
| 801 | 0 | @aCN@bBJSZM@c20201103 |
| 905 | @b1255141-5@dJ722.3@e278@f5 | |
| 舞蹈与幼儿舞蹈创编/牛敏, 张翔, 罗宇婷主编.-长沙:湖南师范大学出版社,2016.08(2020.04) |
| 213页:图;26cm |
| 师范院校“十三五”规划教材 |
| ISBN 978-7-5648-2559-1:CNY35.80 |
| 本书分九章对舞蹈和幼儿舞蹈的创编进行论述,内容包括舞蹈的基本知识、幼儿舞蹈的基本理论、中国民族民间舞、舞蹈基本训练、儿童舞训练、幼儿舞蹈创编基本知识、幼儿舞蹈创编技术过程、幼儿舞蹈创编技法和舞蹈欣赏常识等方面。 |
| ● |
| 相关链接 |
|
|
|
|
正题名:舞蹈与幼儿舞蹈创编
索取号:J722.3/278
 
预约/预借
| 序号 | 登录号 | 条形码 | 馆藏地/架位号 | 状态 | 备注 |
| 1 | 1255141 | 212551415 | 第一样本阅览室/ [索取号:J722.3/278] | 在馆 | |
| 2 | 1255142 | 212551424 | 教育系资料室/ [索取号:J722.3/278] | 在馆 | |
| 3 | 1255143 | 212551433 | 教育系资料室/ [索取号:J722.3/278] | 在馆 | |
| 4 | 1255144 | 212551442 | 第一借阅区/ [索取号:J722.3/278] | 在馆 | |
| 5 | 1255145 | 212551451 | 第一借阅区/ [索取号:J722.3/278] | 在馆 |